000 00328nam a2200145Ia 4500
003 LK-CoDNM
008 010623t xxu||||| |||| 00| 1 eng d
040 _aLK-CoDNM
_dLK-CoDNM
_eLK-CoDNM
041 _aeng
080 _a902 DEU
245 _aDeutshe Geschichte Band I
300 _b? cm
650 _aArchitecture
942 _cBK
999 _c134172
_d134172